Oprávnenosť alebo fikcia?

Prvoradým problémom ekonomických dosahov vstupu SR do EÚ je riešenie konkurenčnej schopnosti ekonomiky SR vo vzťahu k Európskej únii. Možnosti a schopnosti slovenskej ekonomiky čeliť konkurencii v EÚ.

Uložené v:
Podrobná bibliografia
Hlavný autor: Sotník, Alexander
Médium: Kapitola
Jazyk:Slovak
Predmet:
Tagy: Pridať tag
Žiadne tagy, Buďte prvý, kto otaguje tento záznam!

MARC

LEADER 00000naa a2200000 4500
001 r045350
005 20230920074833.2
041 0 |a slo 
044 |a SK 
245 1 0 |a Oprávnenosť alebo fikcia?  |c Alexander Sotník 
520 |a Prvoradým problémom ekonomických dosahov vstupu SR do EÚ je riešenie konkurenčnej schopnosti ekonomiky SR vo vzťahu k Európskej únii. Možnosti a schopnosti slovenskej ekonomiky čeliť konkurencii v EÚ. 
610 2 0 |a konkurencieschopnosť 
610 2 0 |a Slovensko 
610 2 0 |a Európska únia 
610 2 0 |a výkonnosť 
610 2 0 |a stabilita hospodárstva 
100 1 |a Sotník, Alexander